Agyptisches Museum, Staatliche Museen Preussischer Kulturbesitz /

Saved in:

Corporate Author: Ägyptisches Museum Berlin (Germany : West)

Other Authors: Brashear, William M.

Format: Book

Language: German

Series: Kunst der Welt in den Berliner Museen.

Subjects:

Tags: Add Tag

No Tags, Be the first to tag this record!

Call Number: DT59 .B55 1980

LEADER 00921namaa2200265 4500
001 11167
003 OSt
005 20260510081318.0
008 130303s1980 gw ach c 000 0 ger d
020 |a 3763020004 
040 |c ARCE Library 
043 |a e-gw--- 
050 4 |a DT59 .B55 1980 
245 0 0 |a Agyptisches Museum, Staatliche Museen Preussischer Kulturbesitz /  |c [Verfasser der Texte zu den Abbildungen, William Brashear and others]. 
264 1 |a Stuttgart :   |b Belser,   |c 1980. 
300 |a 126 pages :   |b illustrations (some color) ;   |c 22 cm. 
490 0 |a Kunst der Welt in den Berliner Museen. 
610 2 0 |a Ägyptisches Museum Berlin (Germany : West)  |v Catalogs. 
650 0 |a Art, Egyptian  |v Catalogs. 
650 0 |a Art, Egyptian  |z Germany  |z Berlin  |v Catalogs. 
700 1 |a Brashear, William M. 
710 2 |a Ägyptisches Museum Berlin (Germany : West) 
901 |a reviewed 
942 |c BK  |2 lcc 
999 |c 12640  |d 12640